000 00226nam a22000857a 4500
008 161201b xxu||||| |||| 00| 0 eng d
100 _91675
_aChristelow.E
245 _aFive little monkeys
260 _aNew Delhi
_bN.Y.Scholostics
_c2007
999 _c4387
_d4387